Plan de Gestión Integral para el mejoramiento en el manejo de los Desechos Sólidos del Cantón de Orotina

Gespeichert in:
Bibliographische Detailangaben
1. Verfasser: Rodríguez Molina, Emilio Jesús
Format: Buch
Veröffentlicht: San José, C.R. 2004
Schlagworte:
Tags: Tag hinzufügen
Keine Tags, Fügen Sie den ersten Tag hinzu!

MARC

LEADER 00000nam a2200000Ia 4500
003 009370
005 20221231144136.0
008 140114s2004 cr a m 000 ||s d
040 |c cru CEDI 
090 |a TFG 4909 
100 |a Rodríguez Molina, Emilio Jesús  |9 6382 
245 |a Plan de Gestión Integral para el mejoramiento en el manejo de los Desechos Sólidos del Cantón de Orotina  
260 |c 2004  |a San José, C.R. 
300 |a  xviii, [301], 1 hojas plegables : ilustraciones a color, mapas color  
500 |a  Proyecto de graduación (licenciatura en ingeniería civil)--Universidad de Costa Rica. Facultad de Ingeniería. Escuela de Ingeniería Civil 
650 |x BASURAS Y APROVECHAMIENTO DE BASURAS   |x RESIDUOS   |x APROVECHAMIENTO DE RESIDUOS   |x PLANIFICACION   |x  DISPOSICION DE RESIDUOS   |x IMPACTO AMBIENTAL   |x SISTEMAS DE INFORMACION GEOGRAFICA  |x EDUCACION AMBIENTAL   |x OROTINA (ALAJUELA, COSTA RICA)  |9 6383 
942 |c TFG 
999 |c 17510  |d 17510